00664nam a2200229Ia 4500003000900000008004100009040001300050040001300063041000800076100001800084245002400102250001100126260001200137260000900149300001100158300001000169490002600179490000700205942000700212999001700219952019800236IT-RoPAU120407s9999 xx 000 0 und d aIT-RoPAU cIT-RoPAU aita aHermann Hesse aSiddharta. 5a ed aMilano aAdelphi c1975 a157 p. c18 cm aPiccola bibl. adelphi v32 cBK c26353d26353 00102ddc406830_50000000000000071aPAULUSbPAULUSd2012-04-11l0o830.5r2012-04-11 00:00:00w2012-04-11yBKzInserito da: LUCIA In data: 02 settembre 2011 fondo: Via A.Severo 56 Progr:32825